Preventívna medicína XI. zdravie a práca : 23. september 2021, Hotel Bratislava

Bibliographic Details
Corporate Author: Preventívna medicína Bratislava, Slovensko (Author)
Format: Conference Proceeding Book
Language:Slovak
PhysicalDescription:32 strán fotografie 21 cm
Published: [Bratislava] [LEKÁR, a.s.] [2021]
ISBN:9788097329334
Subjects:

MARC

LEADER 00000nam a2200000 4500
001 vtls012279763
003 SK-MaSNL
005 20260301192902.0
008 250717s2021 xo o frn 100 0 slo
020 |a 9788097329334  |q (brožované) 
040 |a SNK  |b slo  |c SNK  |e rda 
041 0 |a slo 
044 |a xo  |c SK 
072 7 |a 616  |x Patológia. Klinická medicína  |2 konspekt 
080 |a 616-084  |2 2011 
080 |a (062.534)  |2 2011 
080 |a 616-07  |2 2011 
111 2 |a Preventívna medicína  |n (XI. :  |d 2021:  |c Bratislava, Slovensko)  |4 aut  |9 571598 
245 1 0 |a Preventívna medicína XI.  |b zdravie a práca : 23. september 2021, Hotel Bratislava 
246 3 0 |a Zdravie a práca 
264 1 |a [Bratislava]  |b [LEKÁR, a.s.]  |c [2021] 
300 |a 32 strán  |b fotografie  |c 21 cm 
336 |a text  |b txt  |2 rdacontent 
337 |a bez média  |b n  |2 rdamedia 
338 |a zväzok  |b nc  |2 rdacarrier 
500 |a Vydavateľské údaje podľa NA ISBN 
650 0 7 |a preventívna medicína  |2 SNKPH  |9 915 
650 0 7 |a Preventive medicine  |2 SNKPHeng  |9 371789 
650 0 7 |a prevencia ochorení  |2 SNKPH  |9 69501 
650 0 7 |a Prevention of diseases  |2 SNKPHeng  |9 267625 
650 0 7 |a diagnostika (medicína)  |2 SNKPH  |9 28740 
650 0 7 |a Medical diagnostics  |2 SNKPHeng  |9 268685 
655 7 |a zborníky konferencií  |2 SNKPH  |9 70153 
655 7 |a Proceedings of conferences  |2 SNKPHeng  |9 265791 
852 |a Slovenská národná knižnica 
919 |a 978-80-973293-3-4 
954 |a odborná, vedecká literatúra pôvodná (slovenská)  |2 lita 
958 |a MI 
999 |c 875430  |d 877360 
952 |a SNK  |b SNK  |y NEVYP  |7 1  |p 17A1575829  |o snkOSC 30825  |i snk2025/11529  |8 0  |0 0  |1 0  |4 0  |d 2025-07-17  |l 0  |r 2026-02-24 05:56:25  |w 2026-02-24